[Event "BRA-ch U18"]
[Site "Itajai"]
[Date "2016.06.09"]
[Round "1"]
[White "De Castro, Patrick Mattos"]
[Black "Alves, Matheus Oliveira"]
[Result "0-1"]
[WhiteElo "1829"]
[BlackElo "1572"]
[PlyCount "90"]
[EventDate "2016.06.09"]
[EventType "swiss"]
[EventRounds "6"]
[EventCountry "BRA"]
[SourceTitle "CBM 172 Extra"]
[Source "ChessBase"]
[SourceDate "2016.06.21"]
[SourceVersion "1"]
[SourceVersionDate "2016.06.21"]
[SourceQuality "1"]

1. e4 Nf6 2. d3 e5 3. Nf3 Nc6 4. Nbd2 Bc5 5. h3 0-0 6. g3 d5 7. Qe2 dxe4 8. dxe4 Nd4 9. Nxd4 Qxd4 10. Bg2 b6 11. Nb3 Bb4+ 12. c3 Bxc3+ 13. bxc3 Qxc3+ 14. Bd2 Qc6 15. 0-0 a5 16. Rfc1 Qd6 17. Bc3 Rb8 18. Rd1 Qe6 19. Nd2 Bb7 20. Qc4 Qxc4 21. Nxc4 Nxe4 22. Bxe4 Bxe4 23. Nxe5 Rfe8 24. Rd7 f6 25. Ng4 c6 26. Re1 Bd5 27. Rxe8+ Rxe8 28. Ne3 Bxa2 29. Nf5 g6 30. Nh6+ Kf8 31. Bxf6 Re6 32. Bd8 Bd5 33. f4 Ke8 34. Rxh7 Kxd8 35. Nf7+ Ke8 36. Ng5 Re7 37. Rh8+ Kd7 38. Nh7 a4 39. Nf8+ Kd6 40. Nxg6 Re1+ 41. Kf2 Rd1 42. Ke2 Rd4 43. Ne5 a3 44. Ra8 a2 45. Nd3 c5 0-1

[Event "Porto Alegre IRT U2200 1st"]
[Site "Porto Alegre"]
[Date "2016.04.09"]
[Round "1.7"]
[White "De Castro, Patrick Mattos"]
[Black "Fonseca, Luiz Itamir"]
[Result "1/2-1/2"]
[WhiteElo "1812"]
[BlackElo "1955"]
[PlyCount "80"]
[EventDate "2016.04.09"]
[EventType "swiss"]
[EventRounds "5"]
[EventCountry "BRA"]
[SourceTitle "EXT 2022"]
[Source "ChessBase"]
[SourceDate "2021.10.06"]
[SourceVersion "1"]
[SourceVersionDate "2021.10.06"]
[SourceQuality "1"]

1. e4 e6 2. d3 c5 3. Nd2 Nc6 4. Ngf3 Nf6 5. g3 Be7 6. Bg2 e5 7. 0-0 d6 8. Re1 Bg4 9. h3 Be6 10. Ng5 Bd7 11. f4 h6 12. Ngf3 exf4 13. gxf4 0-0 14. Nf1 Re8 15. Ng3 Qc8 16. f5 Ne5 17. Nxe5 dxe5 18. Qf3 c4 19. Bd2 b5 20. Kh2 a5 21. Re2 b4 22. Bf1 cxd3 23. cxd3 Kh7 24. Rg2 Rg8 25. Be2 Qd8 26. Rag1 Bc5 27. Rf1 Bb5 28. Nh5 Qd6 29. Nxf6+ Qxf6 30. Qh5 Rad8 31. Bg5 Qd6 32. Bxd8 Qxd8 33. Qxf7 Be8 34. Qc4 Be3 35. Bd1 Bf4+ 36. Kh1 Qh4 37. Kg1 Be3+ 38. Kh2 Bf4+ 39. Kg1 Be3+ 40. Kh2 Bf4+ 1/2-1/2